100 joueurs de football - Statistiques

Statistiques générales
  • Ce quiz a été pris 150 fois
  • Le résultat moyen est 85 sur 100
Statistiques - réponses
Par images Réponse % Correct
Kevin De Bruyne
99%
Adrien Rabiot
97%
Cristiano Ronaldo
97%
Kylian Mbappe
97%
Lamine Yamal
97%
Lionel Messi
97%
Ousmane Dembelé
97%
Paul Pogba
97%
Thibaut Courtois
97%
Moussa Dembelé
96%
Achraf Hakimi
95%
Antoine Griezmann
95%
Antonio Rudiger
95%
Erling Haaland
95%
Marquinhos
95%
Olivier Giroud
95%
Romelu Lukaku
95%
Desire Doue
94%
Gianluigi Donnarumma
94%
Jude Bellingham
94%
Julian Alvarez
94%
Marco Reus
94%
Pierre-Emerick Aubameyang
94%
Bradley Barcola
93%
Jobe Bellingham
93%
Kyle Walker
93%
Mohamed Salah
93%
Vinicius Jr
93%
Aurelien Tchouameni
92%
Heung Min Son
92%
Lautaro Martinez
92%
Lucas Hernandez
92%
Marc Cucurella
92%
Mason Greenwood
92%
Mattéo Guendouzi
92%
Memphis Depay
92%
Paulo Dybala
92%
Virgil Van Dijk
92%
Marcus Rashford
91%
Phil Foden
91%
Dayot Upamecano
90%
Manuel Neuer
90%
Pedri
90%
Arda Guler
89%
Aymeric Laporte
89%
Cole Palmer
89%
David De Gea
89%
Declan Rice
89%
Frenkie De Jong
89%
Jordi Alba
89%
Mike Maignan
89%
Richarlison
89%
Ronald Araujo
89%
Warren Zaire-Emery
89%
William Saliba
89%
Alphonso Davies
88%
Federico Chiesa
88%
Jamal Musiala
88%
Jordan Sancho
88%
Yassine Bounou
87%
Federico Valverde
86%
Goncalo Ramos
86%
Raheem Sterling
86%
David Alaba
85%
Harry Maguire
85%
Jeremy Doku
85%
Trent Alexander-Arnold
85%
Jack Grealish
84%
Lucas Moura
84%
Ferran Torres
83%
Jordan Pickford
83%
Wesley Fofana
83%
Amine Gouiri
82%
Geronimo Rulli
82%
Khvicha Kvaratskhelia
81%
Emre Can
80%
Kasper Schmeichel
80%
Nathan Ake
80%
Xherdan Shaqiri
80%
Alisson Becker
79%
Leonardo Balerdi
79%
Marco Asensio
78%
Leandro Trossard
77%
Leon Goretzka
77%
Youri Tielemans
75%
Niklas Sule
74%
Eberechi Eze
73%
Kim Min Jae
73%
Cesar Azpilicueta
72%
Hakan Calhanoglu
72%
Jan Vertonghen
72%
Mikel Oyarzabal
69%
Wojciech Szczesny
68%
Sergej Milinkovic-Savic
63%
Thorgan Hazard
63%
Toby Alderweireld
61%
Pau Lopez
44%
Arthur Vermeeren
43%
Bilal El Khannouss
32%
Alexis Saelemaekers
29%
Aucun quiz correspondant
Distribution des résultats
% des personnes avec chaque résultat
Percentile par nombre de réponses
Votre historique - résultats
Vous n’avez pas pris ce quiz